000 00572nam a22001937a 4500
003 OSt
005 20140310181712.0
008 121210t xxu||||| |||| 00| 0 eng d
020 _a9711210347
050 _aPZ 9
_b.At872 1980
082 _aFIL 899.211
_bAn4 1982
100 _aVillanueva, Rene O.
245 _aAng ating mga ninuno : pagbalikan ang simula ng lipunang Pilipino.
_cRene O. Villanueva
260 _aManila :
_bChildren's Communication Center,
_cc1980.
300 _alv (unpaged) :
_bill. ;
_c23 cm.
562 _e1
942 _2lcc
_cBK
999 _c1615
_d1615